000 00509cam a2200169ua 4500
001 6267
008 131127n ii |||gr||||Z||||||asm
040 _cMAIN
082 _a332.1
245 _aBanking padhati aru bharotiya mudraniti :
_bVolume III /
_cBy Krishna kanta kalita .
260 _aGuwahati:
_bpathyaputhi prastuti samanay samiti,
_c1975.
300 _ax,307p.
653 _aCommerce
653 _aBanking paddhati aru bharotiya mudraniti
700 _aKalita,Krishna kanta,
_eAuthor.
942 _cBK
999 _c5419
_d5419